Fizika doświadczalna : Cześć IV: Optyka

Salvato in:
Dettagli Bibliografici
Autore principale: Szczeniowski, Szepan (Autore)
Natura: Libro
Lingua:polacco
Pubblicazione: Warszawa : Państwowe Wydawnictwo Naukowe, 1963
Edizione:Wyd. 2.
Soggetti:
Tags: Aggiungi Tag
Nessun Tag, puoi essere il primo ad aggiungerne!!

MARC

LEADER 00000nam a22000003a 4500
001 stu88275
005 20150617225631.1
008 040623s1963----pl------------------pol-d
040 |a STU  |b slo 
041 0 |a pol 
044 |a pl 
080 |a 535  |7 stu_us_auth*stu16839 
100 1 |a Szczeniowski, Szepan  |4 aut 
245 1 |a Fizika doświadczalna :  |b Cześć IV: Optyka 
250 |a Wyd. 2. 
260 |a Warszawa :  |b Państwowe Wydawnictwo Naukowe,  |c 1963 
300 |a 488 s 
650 7 |a optika  |2 stusub 
996 |b 284J021914  |c J*27865  |l JJK16  |s P  |a 0  |w stu88275_0001